000
00295nam a2200121 a 4500
005
20140412111328.0
008
110117s19uu xx 00 eng d
050
_a
BB
_b
My99 2002
245
_a
My Big busy bus.
260
_a
Indonesia :
_b
Pinwheel ltd,
_c
2002.
300
_a
unp.
999
_c
104774
_d
104774